[Event "IsBank TCh-TUR"]
[Site "Konya TUR"]
[Date "2010.07.07"]
[Round "11"]
[White "Ozen,A"]
[Black "Atalik,S"]
[Result "0-1"]
[WhiteElo "1683"]
[BlackElo "2607"]
[EventDate "2010.06.29"]

1. e4 c5 2. Nf3 Nc6 3. d4 cxd4 4. Nxd4 Nf6 5. Nc3 d6 6. g3 g6 7. Bg2 Nxd4
8. Qxd4 Bg7 9. O-O O-O 10. Bg5 h6 11. Bd2 Be6 12. f4 Ng4 13. Qd3 Rc8 14.
Nd5 Bxd5 15. exd5 Qb6+ 16. Kh1 Qd8 17. Kg1 Qb6+ 18. Kh1 Qxb2 19. Qe2 Rxc2
20. Qxg4 Rxd2 21. Qf3 Rc8 22. Rab1 Qxa2 23. Rfc1 Rcc2 0-1

[Event "IsBank TCh-TUR"]
[Site "Konya TUR"]
[Date "2010.07.07"]
[Round "11"]
[White "Yigit,A"]
[Black "Bal,Sevgican"]
[Result "1-0"]
[WhiteElo "1734"]
[BlackElo "1609"]
[EventDate "2010.06.29"]

1. e4 c5 2. Nf3 Nc6 3. d4 cxd4 4. Nxd4 Nb8 5. Nf3 Nc6 6. Nd4 Qb6 7. Nb3 Nf6
8. Nc3 e6 9. Bd3 Bb4 10. Bd2 O-O 11. a3 Be7 12. f4 h5 13. Qf3 Ng4 14. h3
Nf6 15. e5 Nh7 16. Qxh5 g6 17. Qg4 Rd8 18. h4 Bf8 19. h5 Bg7 20. hxg6 fxg6
21. Qxg6 Nf8 22. Qg5 Re8 23. Ne4 Kf7 24. Nd6+ Kg8 25. Nxe8 Kf7 26. Nxg7 1-0

[Event "IsBank TCh-TUR"]
[Site "Konya TUR"]
[Date "2010.07.07"]
[Round "11"]
[White "Guramishvili,S"]
[Black "Atalik,E"]
[Result "1/2-1/2"]
[WhiteElo "2289"]
[BlackElo "2444"]
[EventDate "2010.06.29"]

1. Nf3 Nf6 2. c4 e6 3. d4 b6 4. g3 Ba6 5. Qc2 c5 6. d5 exd5 7. cxd5 Bb7 8.
Bg2 Nxd5 9. O-O Be7 10. Rd1 Qc8 11. a3 Nf6 12. Bg5 Nc6 13. Nc3 Nd8 14. Nb5
d5 15. Bxf6 gxf6 16. Nh4 Bc6 17. a4 a6 18. Nc3 d4 19. Nd5 Qb7 20. Qf5 Kf8
21. Nxf6 Bxg2 22. Nxg2 Ne6 23. Nh4 Ng7 24. Qf4 Qc6 25. Ne4 Bxh4 26. Qxh4
Re8 27. f3 f5 28. Ng5 h6 29. Rd2 Ne6 30. Nh3 Kg7 31. b3 Rhf8 32. Rad1 Qd5
33. Rd3 Qe5 34. e3 Qf6 35. Qxf6+ Kxf6 36. exd4 cxd4 37. Nf4 Nxf4 38. gxf4
Re2 39. Rxd4 Rg8+ 40. Kh1 Rc8 41. Rd6+ Re6 42. Kg2 1/2-1/2

[Event "IsBank TCh-TUR"]
[Site "Konya TUR"]
[Date "2010.07.07"]
[Round "11"]
[White "Kaplan,E"]
[Black "Sop,S"]
[Result "0-1"]
[WhiteElo "1799"]
[BlackElo "1963"]
[EventDate "2010.06.29"]

1. e4 c5 2. Nf3 d6 3. Bb5+ Nd7 4. c3 Ngf6 5. e5 dxe5 6. Nxe5 a6 7. Nxd7
Nxd7 8. Be2 g6 9. d4 Bg7 10. Be3 Qb6 11. Qd2 cxd4 12. cxd4 O-O 13. Nc3 Nf6
14. Rd1 Ng4 15. Bxg4 Bxg4 16. f3 Bd7 17. O-O Qa5 18. Rfe1 Bc6 19. Bh6 e6
20. Bxg7 Kxg7 21. Re5 Qd8 22. Qf4 Qf6 23. Qg3 Rad8 24. Ne4 Bxe4 25. fxe4
Rd7 26. Qc3 Qxe5 27. dxe5 Rxd1+ 28. Kf2 Rfd8 29. Qb4 R8d2+ 30. Kg3 Rd3+ 31.
Kh4 R1d2 32. Qc4 Rd4 33. Qf1 Rxe4+ 34. Kh3 Rxe5 35. Qf3 Rxb2 36. Qc3 Rbe2
37. g3 h5 38. Qf3 b5 0-1

[Event "IsBank TCh-TUR"]
[Site "Konya TUR"]
[Date "2010.07.07"]
[Round "11"]
[White "Arutinian,D"]
[Black "Esen,B"]
[Result "1/2-1/2"]
[WhiteElo "2566"]
[BlackElo "2521"]
[EventDate "2010.06.29"]

1. c4 g6 2. Nc3 Bg7 3. g3 c5 4. Bg2 Nc6 5. Nf3 Nh6 6. O-O Nf5 7. d3 a6 8.
Qd2 h5 9. h4 Rb8 10. b3 b5 11. Bb2 d6 12. Rab1 O-O 13. Nd5 e5 14. e3 Nce7
15. Nxe7+ Qxe7 16. Ng5 Bb7 17. Ne4 Qc7 18. Bc3 b4 19. Bb2 Nh6 20. d4 exd4
21. exd4 Nf5 22. d5 Nd4 23. Ng5 Rbe8 24. Rfe1 Bc8 25. Nf3 Nxf3+ 26. Bxf3
Bf5 27. Bxg7 Kxg7 28. Qb2+ f6 29. Ra1 Qd8 30. a3 1/2-1/2

[Event "IsBank TCh-TUR"]
[Site "Konya TUR"]
[Date "2010.07.07"]
[Round "11"]
[White "Haznedaroglu,K"]
[Black "Goksel,D"]
[Result "0-1"]
[WhiteElo "2501"]
[BlackElo "2253"]
[EventDate "2010.06.29"]

1. e4 c5 2. Nf3 e6 3. d4 cxd4 4. Nxd4 a6 5. c4 Nf6 6. Nc3 d6 7. Be3 b6 8.
Be2 Bb7 9. f3 Be7 10. O-O O-O 11. Rc1 Nbd7 12. a3 Rc8 13. b4 Re8 14. Qd2
Qc7 15. Rc2 Qb8 16. Rb1 Ne5 17. Na4 Bd8 18. Rcc1 d5 19. cxd5 Rxc1+ 20. Rxc1
exd5 21. exd5 Nxd5 22. Bf2 h6 23. h4 Qd6 24. Nc3 Nf4 25. Bf1 Bc7 26. Re1
Rd8 27. Ne4 Bxe4 28. Rxe4 Ne6 29. Qb2 Nc6 30. Bg3 Qxg3 31. Nf5 Qh2+ 32. Kf2
Be5 33. Qb1 Ncd4 34. Rg4 Nxf5 35. Qxf5 Bd4+ 36. Ke1 Bc3+ 37. Kf2 Rd2+ 38.
Be2 Rxe2+ 39. Kxe2 Nd4+ 40. Rxd4 Bxd4 41. Qc8+ Kh7 42. Qf5+ g6 43. Qxf7+
Bg7 0-1

[Event "IsBank TCh-TUR"]
[Site "Konya TUR"]
[Date "2010.07.07"]
[Round "11"]
[White "Inkaya,M"]
[Black "Serin,S"]
[Result "1-0"]
[WhiteElo "1911"]
[BlackElo "1719"]
[EventDate "2010.06.29"]

1. Nf3 g6 2. g3 Bg7 3. Bg2 f5 4. d4 Nf6 5. c4 d6 6. O-O O-O 7. Nc3 Nc6 8.
d5 Ne5 9. Qb3 Nf7 10. Rd1 Rb8 11. Nd4 Re8 12. Nc6 bxc6 13. Qxb8 a6 14. dxc6
e5 15. Nd5 Nxd5 16. Bxd5 Qe7 17. Qa7 g5 18. c5 Be6 19. Bxe6 Qxe6 20. Qxc7
d5 21. Qd7 d4 22. Rd3 Nd8 23. Bxg5 Nxc6 24. Qxe6+ Rxe6 25. Rb3 Bf8 26. Rc1
e4 27. Rb6 a5 28. a3 a4 29. Bf4 d3 30. exd3 exd3 31. Be3 Kf7 32. Rd1 Ne5
33. Rxe6 Kxe6 34. f4 Nc4 35. Rxd3 Nxb2 36. Rd8 Be7 37. Ra8 Nc4 38. Bf2 Nxa3
39. Rxa4 Nb5 40. Ra6+ Kd5 41. Rh6 Bxc5 42. Bxc5 Kxc5 43. Rxh7 Kd6 44. h4
Ke6 45. Rh6+ Kf7 46. Kg2 Nc3 47. Kf3 Nd5 48. g4 1-0

[Event "IsBank TCh-TUR"]
[Site "Konya TUR"]
[Date "2010.07.07"]
[Round "11"]
[White "Yildiz,B"]
[Black "Dincel,M"]
[Result "1-0"]
[WhiteElo "2229"]
[BlackElo "1824"]
[EventDate "2010.06.29"]

1. e4 e6 2. d4 d5 3. Nc3 Nf6 4. Bg5 Bb4 5. e5 h6 6. Bd2 Bxc3 7. bxc3 Ne4 8.
Qg4 Kf8 9. Bd3 Nxd2 10. Kxd2 c5 11. h4 c4 12. Bf1 Qe7 13. Rh3 Nc6 14. Ne2
Rg8 15. Rf3 Ke8 16. Ng3 Qf8 17. Nh5 Ne7 18. Be2 Nf5 19. Qf4 b5 20. Rh1 b4
21. g4 bxc3+ 22. Rxc3 Ne7 23. Rb1 Bd7 24. Ra3 Ng6 25. Qg3 a6 26. Qc3 Qe7
27. Rb6 Nxh4 28. Raxa6 Rd8 29. Qa5 Ng6 30. Ra8 Qg5+ 31. Kd1 Rxa8 32. Qxa8+
Ke7 33. Qa3+ Kd8 34. Rb8+ 1-0

[Event "IsBank TCh-TUR"]
[Site "Konya TUR"]
[Date "2010.07.07"]
[Round "11"]
[White "Tandogan,Buket"]
[Black "Menzi,N"]
[Result "0-1"]
[WhiteElo "1553"]
[BlackElo "1851"]
[EventDate "2010.06.29"]

1. e4 c5 2. Nf3 d6 3. d4 cxd4 4. Nxd4 Nf6 5. Nc3 g6 6. Be3 Bg7 7. f3 Nc6 8.
Qd2 Bd7 9. Bc4 a6 10. h4 h5 11. Bb3 Rc8 12. O-O-O Ne5 13. Kb1 Nc6 14. Kc1
Ne5 15. Kb1 Nc4 16. Bxc4 Rxc4 17. Nb3 b5 18. Bg5 Rc8 19. Qe3 Qc7 20. Rd2
Be6 21. Nd4 Bc4 22. Nce2 Qa5 23. b3 Bxe2 24. Qxe2 Nd7 25. Qf2 Ne5 26. Rhd1
Qb4 27. Re2 Nc4 28. Bd2 Na3+ 29. Kc1 Qxd4 0-1

[Event "IsBank TCh-TUR"]
[Site "Konya TUR"]
[Date "2010.07.07"]
[Round "11"]
[White "Yuksel,A"]
[Black "Karabayir,M"]
[Result "0-1"]
[WhiteElo "1975"]
[BlackElo "1867"]
[EventDate "2010.06.29"]

1. e4 c5 2. Nf3 e6 3. d4 cxd4 4. Nxd4 a6 5. c4 Nf6 6. Nc3 Nc6 7. Nxc6 dxc6
8. Qxd8+ Kxd8 9. Bf4 Bb4 10. O-O-O+ Ke7 11. f3 Rd8 12. Be2 Nh5 13. Bg5+ f6
14. Be3 Rxd1+ 15. Rxd1 e5 16. g3 g6 17. Bb6 Bxc3 18. bxc3 Be6 19. Kc2 Re8
20. Be3 Rd8 21. Bc5+ Ke8 22. Bd6 Ng7 23. c5 Kf7 24. Rb1 Rd7 25. a4 Ne8 26.
Bb8 Ke7 27. Ba7 f5 28. Bb8 fxe4 29. fxe4 Nf6 30. Bd3 Ng4 31. Re1 Nf2 32.
Rf1 Bb3+ 33. Kxb3 Nxd3 34. Bd6+ Ke6 35. Kc2 b6 36. cxb6 Kxd6 37. Rd1 Kc5
38. a5 Kc4 39. b7 Rxb7 40. Rxd3 Rb2+ 0-1

[Event "IsBank TCh-TUR"]
[Site "Konya TUR"]
[Date "2010.07.07"]
[Round "11"]
[White "Aydogdu,E"]
[Black "Yilmaz,M"]
[Result "1-0"]
[WhiteElo "1999"]
[BlackElo "2476"]
[EventDate "2010.06.29"]

1. Nf3 Nf6 2. d4 e6 3. c4 c5 4. g3 cxd4 5. Nxd4 d5 6. Bg2 e5 7. Nf3 d4 8.
O-O Nc6 9. b4 e4 10. Ng5 Bxb4 11. Nxe4 Nxe4 12. Bxe4 Bh3 13. Qa4 Bxf1 14.
Qd1 Bh3 15. Qa4 Bf1 16. Bxc6+ bxc6 17. Qxb4 Bxe2 18. Ba3 Qc7 19. Nd2 O-O-O
20. Ne4 d3 21. Bc1 Qb6 22. Qa4 Rd4 23. Be3 Rhd8 24. Nd2 a5 25. Rb1 Qa6 26.
Bxd4 Rxd4 27. Qa3 Qa7 28. Qf8+ Rd8 29. Qxg7 h5 30. Qf6 Qc7 31. c5 Re8 32.
Nc4 Re6 33. Qh8+ Kd7 34. Qf8 Re7 35. Qh6 Re6 36. Qg7 Ke7 37. Nd6 Rxd6 38.
Qe5+ Kd8 39. cxd6 Qa7 40. Rb8+ 1-0

[Event "IsBank TCh-TUR"]
[Site "Konya TUR"]
[Date "2010.07.07"]
[Round "11"]
[White "Afyoncu,O"]
[Black "Erdogdu,M"]
[Result "0-1"]
[WhiteElo "2087"]
[BlackElo "2458"]
[EventDate "2010.06.29"]

1. Nf3 Nf6 2. g3 g6 3. b3 Bg7 4. Bb2 O-O 5. Bg2 d6 6. O-O e5 7. d3 Nc6 8.
c4 h6 9. Nc3 Be6 10. e4 Qd7 11. Nd5 Nh7 12. Qd2 Qd8 13. Kh1 a5 14. a3 Bg4
15. Ng1 Nd4 16. h3 Bd7 17. Bxd4 exd4 18. Nf4 Ng5 19. Rac1 c6 20. Qc2 h5 21.
h4 Nh7 22. c5 Qe7 23. Nf3 Bg4 24. Qc4 Kh8 25. cxd6 Qxd6 26. Qc5 Qxc5 27.
Rxc5 Rfd8 28. Rc4 Re8 29. a4 Bxf3 30. Bxf3 Nf8 31. Rc2 Nd7 32. Nh3 Ra6 33.
Be2 Rb6 34. Rb1 Bf8 35. Ng5 Kg7 36. Nf3 Nc5 37. Rcb2 Ne6 38. Nd2 Bb4 39.
Nc4 Ra6 40. Rc2 b5 41. axb5 cxb5 42. Ne5 Nc5 43. f4 Bc3 44. Rxc3 dxc3 45.
d4 Nxe4 46. Bxb5 Rxe5 47. fxe5 Rb6 48. Bc4 a4 49. Kg2 axb3 50. Rf1 Rb7 51.
Bd5 Nd2 0-1

[Event "IsBank TCh-TUR"]
[Site "Konya TUR"]
[Date "2010.07.07"]
[Round "11"]
[White "Gelashvili,T"]
[Black "Solak,D"]
[Result "1/2-1/2"]
[WhiteElo "2614"]
[BlackElo "2547"]
[EventDate "2010.06.29"]

1. Nf3 d5 2. e3 Nf6 3. b3 Bg4 4. h3 Bxf3 5. Qxf3 g6 6. Bb2 Bg7 7. c4 c6 8.
cxd5 cxd5 9. Bb5+ Nc6 10. Nc3 O-O 11. Bxc6 bxc6 12. Na4 Ne4 13. Bxg7 Kxg7
14. Qe2 Qa5 15. Rc1 Rab8 16. Rc2 c5 17. O-O c4 18. d3 Nd6 19. Rfc1 Rfe8 20.
dxc4 dxc4 21. Rc3 Rb4 22. Qd1 Reb8 23. Nb2 cxb3 24. axb3 Ne4 25. Rc4 Qf5
26. f3 Nf6 27. Rxb4 Rxb4 28. Nd3 Rb6 29. e4 Qg5 30. Rc3 Qe3+ 1/2-1/2

[Event "IsBank TCh-TUR"]
[Site "Konya TUR"]
[Date "2010.07.07"]
[Round "11"]
[White "Atakisi,U"]
[Black "Bayram,Y"]
[Result "1/2-1/2"]
[WhiteElo "2384"]
[BlackElo "2288"]
[EventDate "2010.06.29"]

1. e4 e5 2. Nf3 Nc6 3. Bb5 a6 4. Bxc6 dxc6 5. O-O Bg4 6. h3 Bh5 7. d3 f6 8.
Be3 Qd7 9. Nbd2 O-O-O 10. Nb3 g5 11. d4 Qg7 12. Qd2 Bd6 13. c4 f5 14. g4
fxg4 15. Nxe5 Nf6 16. Nxg4 Bxg4 17. hxg4 h5 18. e5 hxg4 19. f4 Qh7 20. Qg2
gxf4 21. Rxf4 Nh5 22. Rxg4 Be7 23. Nd2 Rdg8 24. Ne4 Kb8 25. Bg5 Bxg5 26.
Nxg5 Rxg5 27. Rxg5 Nf4 28. Rg7 Qd3 29. Rg8+ Ka7 30. Rxh8 Nxg2 31. Kxg2 Qe4+
32. Kg3 c5 33. Rhh1 cxd4 34. Rhe1 Qg6+ 35. Kf4 Qf7+ 36. Kg3 Qe6 37. c5 b6
38. c6 d3 39. Rad1 Qg6+ 40. Kf3 Qf5+ 41. Kg3 Qg6+ 42. Kf2 Qf5+ 43. Kg3 Qh5
1/2-1/2

[Event "IsBank TCh-TUR"]
[Site "Konya TUR"]
[Date "2010.07.07"]
[Round "11"]
[White "Tulay,B"]
[Black "Tanrikulu,E"]
[Result "1-0"]
[WhiteElo "2163"]
[BlackElo "2259"]
[EventDate "2010.06.29"]

1. d4 d5 2. Nf3 Nf6 3. g3 Bf5 4. Bg2 e6 5. O-O Be7 6. c4 c6 7. Nbd2 Nbd7 8.
b3 O-O 9. Bb2 Ne4 10. Nxe4 Bxe4 11. Nd2 Bxg2 12. Kxg2 f5 13. e3 Bd6 14. Qe2
Qf6 15. Nf3 g5 16. Rh1 f4 17. exf4 gxf4 18. Rhe1 Rae8 19. cxd5 cxd5 20.
Rad1 Rf7 21. Rd3 Qf5 22. Bc1 Rg7 23. Nh4 Qg5 24. Kh1 Nf6 25. Nf3 Qf5 26.
Ne5 Ne4 27. Rf3 Bxe5 28. dxe5 Qh3 29. Bxf4 Rf8 30. Be3 Rf5 31. Rxf5 Qxf5
32. f3 Nc3 33. Qf2 1-0

[Event "IsBank TCh-TUR"]
[Site "Konya TUR"]
[Date "2010.07.07"]
[Round "11"]
[White "Apaydin,F"]
[Black "Dogan,N"]
[Result "1-0"]
[WhiteElo "2179"]
[BlackElo "2097"]
[EventDate "2010.06.29"]

1. e4 e6 2. d4 d5 3. Nc3 Bb4 4. e5 c5 5. Bd2 Ne7 6. Nb5 Bxd2+ 7. Qxd2 O-O
8. f4 Bd7 9. Nd6 Qb6 10. O-O-O cxd4 11. Nf3 Nc8 12. Nxc8 Rxc8 13. Nxd4 Nc6
14. Kb1 Nxd4 15. Qxd4 Rc5 16. Bd3 Bb5 17. b4 Rc6 18. Qxb6 Rxb6 19. Bxb5
Rxb5 20. c3 Rc8 21. Kb2 Rc4 22. Rhf1 g5 23. Kb3 gxf4 24. a3 Rb6 25. Rd4
Rbc6 26. Rf3 f6 27. exf6 Kf7 28. Rdxf4 Rxf4 29. Rxf4 e5 30. Rf5 Re6 31. Kc2
Rxf6 32. Rxe5 Rf2+ 33. Kb3 Rxg2 34. Rxd5 Ke6 35. Ra5 a6 36. Rh5 Rg7 37. c4
Kd6 38. c5+ Kc7 39. Rh6 Kc8 40. Kc4 Rf7 41. Kb3 Kc7 42. Ka4 Re7 43. Ka5 Rf7
44. Ka4 Re7 45. Kb3 Re3+ 46. Kb2 Re7 47. Kc2 Rf7 48. Kb3 Rf3+ 49. Ka4 Rf7
50. Ka5 Re7 51. a4 Rf7 52. b5 axb5 53. axb5 Re7 54. Kb4 Rf7 55. Kc4 Rf4+
56. Kd5 Rf5+ 57. Kd4 Rf7 58. h4 Re7 59. Kd5 Kd7 60. Rd6+ Kc7 61. Re6 Rf7
62. Ke5 Kd7 63. Rf6 Re7+ 64. Kf5 Kc7 65. Kg5 Kd7 66. Kh6 Kc7 67. Kg5 Kd7
68. Kf5 Kc7 69. h5 Kd7 70. Rd6+ Kc8 71. Kf6 Re1 72. Kg7 Re5 73. h6 Re7+ 74.
Kh8 Rf7 75. Kg8 Re7 76. b6 1-0

[Event "IsBank TCh-TUR"]
[Site "Konya TUR"]
[Date "2010.07.07"]
[Round "11"]
[White "Tsatsalashvili,K"]
[Black "Ozturk,Ku"]
[Result "1/2-1/2"]
[WhiteElo "2257"]
[BlackElo "2273"]
[EventDate "2010.06.29"]

1. d4 d5 2. c4 dxc4 3. Nf3 Nf6 4. e3 e6 5. Bxc4 a6 6. Qe2 c5 7. dxc5 Bxc5
8. O-O Qc7 9. Nbd2 Nc6 10. a3 Bd6 11. b4 O-O 12. Bb2 e5 13. Ng5 Bf5 14. f3
Qe7 15. Rad1 Bc7 16. Nge4 Rad8 17. Nxf6+ Qxf6 18. Ne4 Qh6 19. Kh1 Ne7 20.
Rxd8 Rxd8 21. Bc1 Be6 22. Bxe6 Qxe6 23. Nc5 Qc6 24. e4 h6 25. Rd1 Rxd1+ 26.
Qxd1 Bb6 27. Be3 Bxc5 28. Bxc5 Ng6 29. g3 Kh7 30. Qd3 h5 31. h4 Qe6 32. Kg2
Ne7 33. Qd2 Nc6 34. Qg5 Qa2+ 35. Kh3 Qe6+ 36. Kg2 Qg6 37. Qd2 Qe6 38. Qd5
Kg6 39. Qxe6+ fxe6 40. Bd6 Kf6 41. f4 exf4 42. gxf4 Kf7 43. Bc5 b5 44. Kf3
g6 45. Ke3 e5 46. Bd6 exf4+ 47. Bxf4 Ke6 48. Kd3 Kf6 1/2-1/2

[Event "IsBank TCh-TUR"]
[Site "Konya TUR"]
[Date "2010.07.07"]
[Round "11"]
[White "Yilmazyerli,M"]
[Black "Benzetsel,E"]
[Result "1-0"]
[WhiteElo "2295"]
[BlackElo "1770"]
[EventDate "2010.06.29"]

1. e4 e5 2. Nc3 Nf6 3. Nf3 Nc6 4. g3 d5 5. exd5 Nxd5 6. Bg2 Nxc3 7. bxc3
Bd6 8. O-O O-O 9. Rb1 Rb8 10. d3 h6 11. Re1 Be6 12. c4 Bc5 13. Be3 Bxe3 14.
Rxe3 Qd6 15. c3 Rfd8 16. Qa4 b6 17. Rbe1 a5 18. Qb5 Bf5 19. h3 f6 20. d4
exd4 21. Nxd4 Nxd4 22. cxd4 Bd7 23. Qh5 Qf8 24. Re7 Re8 25. Qd5+ Kh8 26.
Qxd7 1-0

[Event "IsBank TCh-TUR"]
[Site "Konya TUR"]
[Date "2010.07.07"]
[Round "11"]
[White "Uzun,S"]
[Black "Suer,U"]
[Result "1-0"]
[WhiteElo "1966"]
[BlackElo "1793"]
[EventDate "2010.06.29"]

1. e4 e6 2. Qe2 c5 3. Nf3 Nc6 4. g3 Nge7 5. Bg2 d5 6. d3 dxe4 7. dxe4 Ng6
8. h4 h5 9. O-O Qc7 10. Be3 Be7 11. a4 b6 12. Na3 a6 13. Rad1 Bf6 14. Nc4
O-O 15. Nh2 Rb8 16. c3 a5 17. Nd6 Be5 18. Nb5 Qe7 19. f4 Bc7 20. Qxh5 Ba6
21. e5 Nd8 22. Nf3 Re8 23. Ng5 Nf8 24. Be4 f5 25. exf6 gxf6 26. Nxc7 Qxc7
27. Nh7 Qg7 28. Nxf6+ Qxf6 29. Qxe8 Bxf1 30. Kxf1 Qf7 31. Qxf7+ Nxf7 32. c4
Kg7 33. Kf2 Nh6 34. Kf3 Ng8 35. g4 Ne7 36. h5 Kf6 37. Bd2 Ng8 38. Bc3+ Kf7
39. g5 Ke7 40. h6 Rc8 41. h7 1-0

[Event "IsBank TCh-TUR"]
[Site "Konya TUR"]
[Date "2010.07.07"]
[Round "11"]
[White "Soylemez,C"]
[Black "Tulay,S"]
[Result "1-0"]
[WhiteElo "1935"]
[BlackElo "1788"]
[EventDate "2010.06.29"]

1. d4 d5 2. c4 e6 3. Nc3 Nf6 4. cxd5 exd5 5. Bg5 Be7 6. e3 c6 7. Bd3 Nbd7
8. Qc2 O-O 9. Nge2 Re8 10. O-O Nf8 11. f3 Ng6 12. Rad1 Nh5 13. Bxe7 Qxe7
14. e4 Qg5 15. exd5 cxd5 16. Kh1 Kh8 17. Nb5 Be6 18. Nd6 Re7 19. f4 Nhxf4
20. Nxf4 Nxf4 21. Qd2 Rd7 22. Nb5 Bg4 23. Rc1 Ne6 24. Qb4 Nf4 25. Qd2 Ne6
26. Qf2 a6 27. Nc3 Rc7 28. Qg3 Rac8 29. Rce1 Bh5 30. Qxg5 Nxg5 31. Nxd5 Ne6
32. Nxc7 Nxc7 33. Rc1 1-0

[Event "IsBank TCh-TUR"]
[Site "Konya TUR"]
[Date "2010.07.07"]
[Round "11"]
[White "Buyukasik,D"]
[Black "Emiroglu,C"]
[Result "1/2-1/2"]
[WhiteElo "2034"]
[BlackElo "2100"]
[EventDate "2010.06.29"]

1. d4 Nf6 2. Nf3 e6 3. g3 Be7 4. Bg2 O-O 5. O-O d5 6. c4 dxc4 7. Ne5 Nc6 8.
Nxc6 bxc6 9. Bxc6 Rb8 10. Nc3 Bd7 11. Bg2 c5 12. d5 exd5 13. Nxd5 Nxd5 14.
Bxd5 Bf6 15. Qc2 Ba4 16. Qf5 Bxb2 17. Bxb2 Rxb2 18. Bxc4 Qd4 19. Rac1 g6
20. Qf3 Bc2 21. Bd5 c4 22. e4 Rxa2 23. Rfe1 Bb3 24. e5 Ra5 25. Bc6 Rxe5 26.
Rxe5 Qxe5 27. Bd5 Qd4 28. Re1 Bc2 29. Re7 Bf5 30. Rc7 c3 31. Rxc3 Rd8 32.
Bb3 Rd7 33. Rc1 a5 34. Qa8+ Kg7 35. Qxa5 Re7 36. Qa1 Qxa1 37. Rxa1 h5 38.
Bc4 h4 39. f3 Rc7 40. Ra4 Bd7 41. Rb4 Bc6 42. Kf2 Ra7 43. gxh4 Ra3 44. Bb3
Ra5 45. Rf4 Bd5 46. Bxd5 Rxd5 47. Re4 Kf6 48. Kg3 Ra5 49. Rb4 Rc5 1/2-1/2

[Event "IsBank TCh-TUR"]
[Site "Konya TUR"]
[Date "2010.07.07"]
[Round "11"]
[White "Aydogdu,A"]
[Black "Esen,N"]
[Result "0-1"]
[WhiteElo "2083"]
[BlackElo "1969"]
[EventDate "2010.06.29"]

1. d4 Nf6 2. Nf3 g6 3. c4 Bg7 4. Nc3 d5 5. Qb3 dxc4 6. Qxc4 O-O 7. e4 Na6
8. Be2 c5 9. d5 e6 10. O-O exd5 11. exd5 b6 12. Rd1 Nc7 13. d6 Ne6 14. Be3
Bb7 15. Ng5 Nd4 16. Bxd4 cxd4 17. Nb5 Ne8 18. Nf3 Nxd6 19. Nxd6 Qxd6 20.
Nxd4 Rac8 21. Qa4 a6 22. Nf5 Qe5 23. Ne3 b5 24. Qg4 Qxb2 25. a4 h5 26. Qd7
Qxe2 27. Qxb7 Bxa1 28. Rxa1 bxa4 29. g3 Qb5 30. Qe4 Rfe8 31. Qf4 a3 32.
Rxa3 Rc1+ 33. Kg2 Qc6+ 34. Kh3 Rc5 35. Rd3 Qe6+ 36. g4 hxg4+ 37. Nxg4 Rc4
38. Rd4 Rec8 39. Kg3 Rxd4 40. Qxd4 f5 41. Nf6+ Kf7 42. Nd7 Re8 43. Qa4 Re7
44. Nb8 Qd6+ 0-1

[Event "IsBank TCh-TUR"]
[Site "Konya TUR"]
[Date "2010.07.07"]
[Round "11"]
[White "Zdebskaja,N"]
[Black "Gaponenko,I"]
[Result "1/2-1/2"]
[WhiteElo "2383"]
[BlackElo "2465"]
[EventDate "2010.06.29"]

1. e4 c5 2. Nf3 d6 3. d4 cxd4 4. Nxd4 Nf6 5. Nc3 g6 6. Be3 Bg7 7. f3 Nc6 8.
Bc4 Qb6 9. Bb5 Qc7 10. Nd5 Nxd5 11. exd5 a6 12. Nxc6 axb5 13. Bd4 bxc6 14.
Bxg7 Rg8 15. Bc3 cxd5 16. Qxd5 Rb8 17. Qd2 Bf5 18. a3 Qc4 19. g4 Be6 20.
O-O-O h5 21. h3 hxg4 22. hxg4 Kd7 23. Rhe1 Rgc8 24. Re4 Qa2 25. Qe3 Rc5 26.
Qxc5 Qa1+ 27. Kd2 Qxd1+ 28. Kxd1 dxc5 29. Re5 Kc6 30. b4 Rd8+ 1/2-1/2

[Event "IsBank TCh-TUR"]
[Site "Konya TUR"]
[Date "2010.07.07"]
[Round "11"]
[White "Okay,A"]
[Black "Vural,O"]
[Result "1-0"]
[WhiteElo "1852"]
[BlackElo "1896"]
[EventDate "2010.06.29"]

1. e4 c5 2. Nf3 d6 3. d4 cxd4 4. Nxd4 Nf6 5. Nc3 a6 6. Bc4 e6 7. Bb3 b5 8.
Qe2 Be7 9. Bg5 O-O 10. h4 b4 11. Nb1 Qb6 12. Be3 Qc7 13. Nd2 a5 14. Bc4 Ba6
15. Bd3 d5 16. Qf3 Bxd3 17. cxd3 Nbd7 18. O-O Ne5 19. Qe2 Neg4 20. g3 Nxe3
21. Qxe3 dxe4 22. Rac1 Qb7 23. dxe4 Rac8 24. N4b3 a4 25. Na5 Qb5 26. Nac4
Rfd8 27. b3 axb3 28. axb3 Nd7 29. Nb2 Nc5 30. Ndc4 Ra8 31. Rfd1 Rxd1+ 32.
Rxd1 Ra3 33. Nxa3 bxa3 34. Nc4 Nxb3 35. Nxa3 Bxa3 36. Rd3 Qc5 1-0

[Event "IsBank TCh-TUR"]
[Site "Konya TUR"]
[Date "2010.07.07"]
[Round "11"]
[White "Kerigan,D"]
[Black "Okay,I"]
[Result "1-0"]
[WhiteElo "2126"]
[BlackElo "1865"]
[EventDate "2010.06.29"]

1. e4 c6 2. d3 d5 3. Nd2 e5 4. Ngf3 Nd7 5. g3 Ngf6 6. Bg2 Bd6 7. O-O O-O 8.
Re1 Re8 9. c3 b6 10. d4 Bb7 11. exd5 Nxd5 12. Nc4 Qc7 13. Nxd6 Qxd6 14. c4
N5f6 15. Nxe5 Nxe5 16. Bf4 Qe6 17. dxe5 Rad8 18. Qc2 Nd7 19. Rad1 f6 20.
Be4 fxe5 21. Bxh7+ Kh8 22. Bf5 Qe7 23. Bg6 Rf8 24. Qe2 Kg8 25. Rxd7 Qxd7
26. Qh5 Rf6 27. Qh7+ Kf8 28. Qh8+ Ke7 29. Qxg7+ 1-0

[Event "IsBank TCh-TUR"]
[Site "Konya TUR"]
[Date "2010.07.07"]
[Round "11"]
[White "Ali Marandi,C"]
[Black "Yuksel,G"]
[Result "1-0"]
[WhiteElo "2105"]
[BlackElo "1825"]
[EventDate "2010.06.29"]

1. e4 c6 2. d4 d5 3. Nc3 dxe4 4. Nxe4 Bf5 5. Ng3 Bg6 6. h4 h6 7. Nf3 Nd7 8.
h5 Bh7 9. Bd3 Bxd3 10. Qxd3 e6 11. Bd2 Qc7 12. O-O-O Ngf6 13. Kb1 Bd6 14.
Ne4 Nxe4 15. Qxe4 Nf6 16. Qe2 O-O-O 17. c4 c5 18. g3 Kb8 19. dxc5 Qxc5 20.
Be3 Qa5 21. Nd4 a6 22. Ka1 Be5 23. f4 Bxd4 24. Bxd4 Qf5 25. a3 Rhg8 26. Qe3
Ng4 27. Qb3 e5 28. Bc5 Qe6 29. Rd5 exf4 30. Rhd1 Rxd5 31. cxd5 Qe5 32. Qb6
Qe2 33. Rc1 Qd2 34. Qa7+ Kc8 35. Be3+ 1-0

[Event "IsBank TCh-TUR"]
[Site "Konya TUR"]
[Date "2010.07.07"]
[Round "11"]
[White "Sahin,Handenur"]
[Black "Vatansever,Buse"]
[Result "1-0"]
[WhiteElo "1656"]
[BlackElo "1547"]
[EventDate "2010.06.29"]

1. d4 d5 2. Nf3 Nf6 3. Bf4 e6 4. e3 Be7 5. Be2 Nbd7 6. c3 b6 7. O-O Bb7 8.
Nbd2 O-O 9. h3 Re8 10. Ne5 c5 11. Ndf3 h6 12. Bb5 a6 13. Nc6 Qc8 14. Nxe7+
Rxe7 15. Bd6 Re8 16. Ba4 b5 17. Bc2 Qc6 18. Bf4 cxd4 19. exd4 Rec8 20. Rc1
a5 21. Re1 Ba6 22. Ne5 Qb7 23. Qf3 Kf8 24. Qe3 Nxe5 25. Bxe5 Ke7 26. f4 Rh8
27. f5 Qd7 28. fxe6 fxe6 29. Bxf6+ gxf6 30. Bf5 Bc8 31. Qf4 Ra6 32. Qg3 Kd8
33. Bd3 Rb6 34. Rf1 f5 35. Qe5 Rg8 36. Qf6+ Kc7 37. Rce1 Qg7 38. Qxg7+ Rxg7
39. Re5 Bd7 40. Bc2 Rb8 41. Kh2 Rbg8 42. Rf2 Kd6 43. Bd1 Rb8 44. g4 fxg4
45. Bxg4 b4 46. Rf6 Re7 47. Rxh6 bxc3 48. bxc3 Rb2+ 49. Re2 Rxe2+ 50. Bxe2
Rf7 51. Kg2 Ba4 52. Bg4 Re7 53. Kg3 Bd7 54. h4 a4 55. Rg6 Re8 56. h5 Rh8
57. Kh4 Ke7 58. Rg7+ Kd6 59. Kg5 Bb5 60. h6 Bc4 61. a3 Bd3 62. Bh5 Rb8 63.
Bg6 Bxg6 64. Kxg6 Rb1 65. h7 Rg1+ 66. Kf7 Ra1 67. h8=Q 1-0

[Event "IsBank TCh-TUR"]
[Site "Konya TUR"]
[Date "2010.07.07"]
[Round "11"]
[White "Citak,S"]
[Black "Gajewski,G"]
[Result "1-0"]
[WhiteElo "2340"]
[BlackElo "2572"]
[EventDate "2010.06.29"]

1. d4 Nf6 2. c4 e6 3. Nc3 Bb4 4. Qc2 c5 5. dxc5 O-O 6. Bg5 Qa5 7. Nf3 Bxc3+
8. bxc3 Ne4 9. Bf4 Na6 10. g3 Naxc5 11. Bg2 b6 12. O-O Bb7 13. Rac1 Rac8
14. Rfd1 f5 15. Nd4 Rf7 16. Nb3 Qa6 17. Rd4 Na4 18. Bxe4 Bxe4 19. Qd2 Qb7
20. Rd1 Bc6 21. Bd6 h6 22. Rh4 Re8 23. Be5 Nc5 24. Nxc5 bxc5 25. Qe3 Ba4
26. Rd6 Qb1+ 27. Kg2 Bc6+ 28. f3 Qxa2 29. Kf2 Qb1 30. Qf4 Ree7 31. Qd2 a5
32. Rxc6 dxc6 33. Qd8+ Kh7 34. Qxa5 Qb7 35. Qxc5 Qa7 36. Qxa7 Rxa7 37. c5
Rfd7 38. Rd4 Rxd4 39. cxd4 g5 40. g4 Ra2 41. gxf5 exf5 42. d5 cxd5 43. Ke3
Ra4 44. c6 Rc4 45. c7 Kg6 46. Kd3 Kf7 47. e4 Ke6 48. exd5+ Kxd5 49. f4 g4
50. Ke3 h5 51. Kf2 h4 52. Ke3 Rc2 53. Kd3 Rxc7 54. Bxc7 h3 55. Bb6 g3 56.
Bg1 g2 1-0